000 00350nam a2200133Ia 4500
008 240624s9999 xx 000 0 und d
041 _aeng
082 _a381 LEV
100 _aLEVINSON MARC
245 _aGREAT A P AND THE STRUGGLE FOR SMALL BUSINESS IN AMERICA
260 _c2012
_ain America
_bHill and Wang
300 _a384 , p.
365 _c
_b33
999 _c32249
_d32249